Economic survey, India, 2015-16 (Record no. 521539)

000 -LEADER
fixed length control field 00526cam a22001577a 4500
008 - FIXED-LENGTH DATA ELEMENTS--GENERAL INFORMATION
fixed length control field 180718b xxu||||| |||| 00| 0 eng d
082 ## - DEWEY DECIMAL CLASSIFICATION NUMBER
Classification number T19 Ec74/ 2015-16
245 ## - TITLE STATEMENT
Title Economic survey, India, 2015-16
Statement of responsibility, etc by Ministry of Finance
260 ## - PUBLICATION, DISTRIBUTION, ETC. (IMPRINT)
Place of publication, distribution, etc New Delhi
Name of publisher, distributor, etc The author
300 ## - PHYSICAL DESCRIPTION
Extent 213p
440 ## - SERIES STATEMENT/ADDED ENTRY--TITLE
Volume number/sequential designation 1
9 (RLIN) 8782
500 ## - GENERAL NOTE
General note Library has 1957/58-1967/68, 1971/72-2011/12, 2013/14, 2014/15, 2015-16, 2016-17, 2017-18, 2018-19
650 ## - SUBJECT ADDED ENTRY--TOPICAL TERM
Topical term or geographic name as entry element Economic surveys - India
9 (RLIN) 8783
700 ## - ADDED ENTRY--PERSONAL NAME
Personal name India. Ministry of Finance
9 (RLIN) 8784
942 ## - ADDED ENTRY ELEMENTS (KOHA)
Source of classification or shelving scheme
Holdings
Withdrawn status Lost status Source of classification or shelving scheme Damaged status Koha normalized classification for sorting Not for loan Permanent location Current location Date acquired Full call number Barcode Date last seen Copy number Price effective from Koha item type
        T_19_000000000000000_EC74_201516   Indian Institute of Public Administration Indian Institute of Public Administration 2023-02-13 T19 Ec74/ 2015-16 gg34986 2023-02-13 v.2 2023-02-13 GG

Powered by Koha